| 000 | 00496nam a2200157Ia 4500 | ||
|---|---|---|---|
| 003 | Ost | ||
| 005 | 20260507075713.0 | ||
| 008 | 260507s9999||||xx |||||||||||||| ||und|| | ||
| 040 | _cfsecg | ||
| 041 | _aara | ||
| 100 |
_aسلطان، محمد سعيد _eمؤلف |
||
| 245 | 0 |
_aالسلوك الانساني في المنظمات / _c محمد سعيد سلطان |
|
| 260 |
_aالاسكندرسة: _bدار الجامعة الجديدة, _c2002 |
||
| 300 | _a480 صفحة؛ | ||
| 942 | _cكتاب | ||
| 999 |
_c45905 _d45905 |
||